| 000 | 00678nam a22002297a 4500 | ||
|---|---|---|---|
| 001 | 29306 | ||
| 003 | UA-OsUOA | ||
| 005 | 20210802112503.0 | ||
| 007 | ta | ||
| 008 | 20041006b un ||||| |||| 00| 0 ukr d | ||
| 040 |
_aUA-OsUOA _bukr _cUA-OsUOA _dUA-OsUOA |
||
| 041 | _aukr | ||
| 044 | _aUA | ||
| 080 | _a811.161.2(091) | ||
| 090 |
_a811.161.2(091) _bТ41 |
||
| 245 |
_aХрестоматія матеріалів з історії української літературної мови _cупоряд. П. Д.Тимошенко _nЧ. 1 |
||
| 260 |
_aКиїв _bРадянська школа _c1959 |
||
| 300 | _a360 с. | ||
| 650 | 7 | _2UDC | |
| 942 |
_cBK _2udc |
||
| 955 | _a2 | ||
| 999 |
_c315691 _d315691 |
||